| 000 | 00412nam a22001457a 4500 | ||
|---|---|---|---|
| 020 | _a9058093301 | ||
| 082 |
_a624.18341 _bSAW _cN-01, P-89 |
||
| 100 |
_aSawicki, Andrzej _943285 |
||
| 245 |
_aMechanized of reinforced soil / _cAndrzej sawicki |
||
| 260 |
_aNetherland, _bA.A Balkema, _c2000. |
||
| 300 | _axii, 195 p. : | ||
| 526 |
_a0 _b0 _c0 _d624_183410000000000_SAW |
||
| 650 |
_aNUST _96342 |
||
| 942 |
_2ddc _cBK |
||
| 999 |
_c547105 _d547105 |
||